[Event "Los Angeles"]
[Site "Los Angeles"]
[Date "2003.08.18"]
[Round "1"]
[White "Khachiyan, Melikset"]
[Black "Minasian, Artashes"]
[Result "0-1"]
[WhiteElo "2473"]
[BlackElo "2571"]
[Annotator "Stohl,I"]
[PlyCount "66"]
[EventDate "2003.08.18"]
[EventType "tourn"]
[EventRounds "9"]
[EventCountry "USA"]
[EventCategory "10"]
[SourceTitle "CBM 097"]
[Source "ChessBase"]
[SourceDate "2003.11.11"]
[SourceVersion "1"]
[SourceVersionDate "2003.11.11"]
[SourceQuality "1"]

1. Nf3 g6 2. g3 Bg7 3. d4 c5 4. c3 Qa5 ({Black has higher ambitions than} 4...
cxd4 5. cxd4 d5 $11 {-D79}) 5. e3 $5 {White's main goal in the opening is to
contain any active play by Black. Thus he avoids positions, resembling the
Sicilian after} (5. dxc5 Qxc5 6. Bg2 Nf6 $13 {or}) (5. Bg2 cxd4 6. Nxd4 Nc6 $13
(6... Nf6 $11)) ({The most usual move is} 5. Nbd2 cxd4 6. cxd4 (6. Nb3 Qb6 7.
cxd4 Nf6 8. Bg2 O-O 9. O-O d6 10. Re1 (10. d5 Na6 11. Nfd4 Bd7 12. Bd2 Nc5 13.
Ba5 Qa6 14. Qd2 Rfc8 15. Nxc5 Rxc5 16. Nb3 Rc4 17. Rfc1 Rxc1+ 18. Nxc1 Ng4 19.
Nd3 Rc8 20. h3 Ne5 $15 {Bareev,E-Morozevich,A/Dortmund/2002/}) 10... Bf5 11.
Nh4 Be4 12. f3 Bc6 13. e4 Ba4 14. Be3 Na6 15. Bh3 $13 {1/2,Rashkovsky,
N-Khalifman,A/RUS-chT Maikop/1998/}) 6... Nc6 7. e3 d5 8. Bg2 Qa6 9. Qe2 Qxe2+
10. Kxe2 b6 11. a3 a5 12. b3 e6 13. Bb2 Ba6+ 14. Ke1 Nge7 15. Bf1 Bxf1 16. Rxf1
{1/2,Akobian,V-Minasian,A/Los Angeles/2003/}) ({More ambitious is} 5. d5 d6 6.
Bg2 Nf6 7. O-O O-O 8. Nbd2 Qc7 9. e4 e6 10. Re1 exd5 11. exd5 b5 (11... Nbd7
12. c4 b5 $132) 12. a4 Bb7 13. axb5 Bxd5 14. c4 Bb7 15. Nb3 a6 16. Bf4 Rd8 17.
Na5 axb5 (17... Be4 $5) 18. Nxb7 Rxa1 19. Qxa1 Qxb7 20. Nd4 Qb6 21. Nxb5 $36 {
Yegiazarian,A-Minasian,A/ARM-ch Yerevan/2003/}) 5... Nf6 6. Bg2 O-O 7. O-O d6
8. Re1 $146 (8. a3 $143 cxd4 9. exd4 Nc6 10. Nbd2 Qh5 11. Nc4 Bh3 12. Ng5 Qxd1
13. Rxd1 Bxg2 14. Kxg2 b5 15. Ne3 d5 16. Nf3 e6 17. Ne5 Nxe5 18. dxe5 Ne4 19.
f3 Nc5 20. f4 Rfc8 21. Nc2 f6 $15 {Konopka,M-Chatalbashev,B/Pardubice/1997/})
8... Qc7 (8... Bf5 $5 9. Nbd2 cxd4 10. exd4 (10. Nxd4 Bc8 $132) 10... Nc6 $11)
9. e4 e5 (9... Nc6 10. d5 $14) 10. Na3 $1 a6 (10... Nc6 11. Nb5 Qb8 12. dxe5
dxe5 13. Qd6 $14) 11. dxe5 dxe5 12. Nc4 Rd8 13. Qb3 b5 $5 {[%mdl 512] To avoid
dreary defence in a passive position after} (13... Nbd7 14. a4 $36 {Black is
more or less forced to enter the sacrificial path. Although White still
retains an edge, the position quickly becomes very wild.}) 14. Ncxe5 c4 (14...
Nh5 15. g4 {-14...c4} (15. Rd1 Re8 $5 $13 (15... Rxd1+ 16. Qxd1 Bb7 17. g4 (17.
Nd3 Bxe4 $11) 17... Nf6 18. Bf4 $36))) 15. Qc2 Nh5 16. g4 (16. Bf4 $2 Nxf4 17.
gxf4 f6 $19 {[%csl Re5] פe5}) (16. Rd1 $5 Rxd1+ 17. Qxd1 Bb7 18. g4 Nf6 19.
Bf4 Qe7 20. Ng5 $14) 16... Bxe5 17. gxh5 (17. Nxe5 Qxe5 18. gxh5 Qxh5 19. Bf4
Bg4 $13) 17... Nc6 (17... Bf4 18. Bxf4 Qxf4 19. Rad1 $16) 18. Bg5 Rd3 19. hxg6
(19. Re3 $5 $14) 19... Bg4 $1 {Black sacrifices more material to increase the
tension and get more concrete <=>.} (19... hxg6 20. Re3 (20. Rad1 Rxd1 21. Rxd1
Bg4 $132) 20... Rxe3 21. Bxe3 Bg4 22. Nxe5 Nxe5 23. f4 Nd3 24. e5 $36 {/+/=}) (
19... fxg6 20. Re3 $16) 20. Nxe5 (20. Re3 Bxf3 21. Bxf3 f6 $5 22. Rxd3 (22. Bh6
Rad8 $5 $44 {[%csl Rh6][%cal Gd8d1] <->d,ץh6}) 22... cxd3 23. Qb3+ Kg7 $13) (
20. gxh7+ Kxh7 {probably transposes into the game, as White can't play} 21. Re3
$2 Bxf3 22. Bxf3 Rg8 $19) 20... Nxe5 21. gxh7+ Kxh7 22. f4 f6 $5 {Continues in
the spirit of the 13-th & 19-th move.} (22... Nf3+ 23. Bxf3 Bxf3 (23... Rxf3
24. e5+ Rd3 25. Qf2 $16) 24. Qf2 $40) ({Black wanted to avoid an _|_, but he
retains good tactical chances even after} 22... Qb6+ 23. Qf2 (23. Kh1 Nf3 $13)
23... Qxf2+ 24. Kxf2 Rd2+ 25. Kg3 Rg8 $132 (25... Rd3+ $5 26. Kh4 Bf3 27. fxe5
Bxg2 $14)) 23. Bxf6 (23. fxe5 $5 fxg5 24. Rf1 Qxe5 $14) 23... Nf3+ (23... Qb6+
24. Kh1 Qxf6 (24... Nf3 25. e5 Nxe1 26. Rxe1 $18 {->}) 25. fxe5 Qxe5 26. Qf2
$16) 24. Bxf3 $8 Bxf3 25. Bg5 (25. Qf2 Rg8+ 26. Kf1 Qxf4 27. Qh4+ Qxh4 28. Bxh4
Rd2 $40) 25... Rg8 {[%cal Rc7f4] /\Qf4} (25... Qc6 26. Qf2 Bxe4 27. Re2 $16 (
27. Qh4+ Kg8 28. Bf6 Kf7 29. Qh5+ Kxf6 30. Qe5+ $16)) 26. e5 $2 {An error, but
even otherwise it's difficult to contain Black's activity.} (26. Kf1 $5 Bg4 27.
Kg1 (27. Re2 $2 Bh3+ 28. Ke1 (28. Rg2 Rxg5 29. fxg5 Qxh2 $19) 28... Rxg5 29.
fxg5 Qf4 $19) 27... Bf3 {only repeats moves.} (27... Bh3 $2 28. Qf2 $18)) 26...
Ba8 $2 ({The winning continuation was} 26... Qf7 $1 {[%cal Rf7f4] /\Qf4-+} 27.
h4 (27. Kf1 Rxg5 28. fxg5 Bd1+ 29. Qf2 Rf3 $19) 27... Qxf4 28. Qg2 (28. Qf2
Qg4+ 29. Kh2 Rxg5 30. hxg5 Qh5+ 31. Kg3 Be2+ 32. Kg2 Qg4+ $19) 28... Bd5 $1 $19
{/\} 29. Bxf4 Rxg2+ 30. Kf1 Rh3) 27. Qf2 (27. Re2 Qf7 $44) 27... Qc6 28. Re4 (
28. Qh4+ Kg7 29. Re4 Qb6+ (29... Qxe4 $4 30. Qh6+ Kf7 31. Qf6+ Ke8 32. Qe7#) (
29... Qc5+ 30. Kf1 Bxe4 31. Qh6+ Kf7 32. Qf6+ Ke8 33. Qe6+ Kf8 34. Qf6+ $11)
30. Rd4 $8 Qc6 (30... Rxd4 31. cxd4 Qxd4+ 32. Qf2 Qe4 33. Kf1 Qh1+ 34. Qg1 Qf3+
35. Qf2 $11 (35. Ke1 c3 $132)) 31. Re4 $11) 28... Qh6 {Black is still very
ambitious, although objectively it was better to take the draw by repetition.}
(28... Rxg5+ 29. fxg5 Qxe4 30. Qf7+ $11) (28... Qxe4 29. Qh4+ Kg6 30. Qh6+ Kf5
31. Qf6+ Kg4 32. Qe6+ $11 Qf5 $2 (32... Kf3 $4 33. Qh3+ Ke2 34. Qf1+ Kd2 35.
Qc1+ Ke2 36. Qe1+ Kf3 37. Qg3+ Ke2 38. Qf2#) 33. Qxg8 $16) 29. Qa7+ $2 {
The Q should stay close to the defence.} (29. Rae1 $142 $36) (29. Qe2 $142 $5
$14) 29... Kh8 (29... Rg7 30. Qxa8 Rd2 31. Re2 $8 Rxe2 32. Qf3 Qxh2+ 33. Kf1
$13) 30. Qxa8 $2 $138 {This should have lost immediately, but White is in
trouble anyway:} (30. Re2 Qh3 $40 {/\} (30... Rxg5+ 31. fxg5 Qxg5+ 32. Kf1 $18)
31. Qb6 Qg4+ 32. Kf1 Qf3+ 33. Qf2 Qh1+ 34. Qg1 Rf3+ 35. Rf2 Rxf2+ 36. Kxf2 Qf3+
37. Ke1 Qxf4 38. Bf6+ Kh7 39. Qa7+ Kh6 $19) 30... Qh3 $2 $138 {A comedy of
errors.} (30... Qb6+ 31. Kh1 Rxa8 $19) 31. Qa7 $2 {The final blunder loses.} (
31. Qxg8+ Kxg8 32. Re2 $14 {/+/- Black's attack is over and he has to fight
hard for at least a draw.}) 31... Qg4+ 32. Kf1 (32. Kf2 Qf3+ 33. Kg1 Rd2 $19)
32... Rxg5 $1 33. fxg5 (33. Qa8+ Rg8 $19) 33... Rf3+ (33... Rf3+ 34. Qf2 (34.
Ke2 Qxe4+ 35. Kd2 Qd3+ 36. Ke1 Rf1#) 34... Rxf2+ 35. Kxf2 Qxe4 36. Re1 Qh4+ $19
) 0-1

[Event "Women-Veterans"]
[Site "Prague"]
[Date "1995.??.??"]
[Round "5"]
[White "Smyslov, Vassily V"]
[Black "Xie, Jun"]
[Result "0-1"]
[WhiteElo "2540"]
[BlackElo "2540"]
[Annotator "Stohl,I"]
[PlyCount "102"]
[EventDate "1995.07.??"]
[EventType "schev"]
[EventRounds "5"]
[EventCountry "CZE"]
[SourceTitle "CBM 048"]
[Source "ChessBase"]
[SourceDate "1995.10.01"]
[SourceVersion "1"]
[SourceVersionDate "1995.10.01"]
[SourceQuality "1"]

1. Nf3 Nf6 2. g3 g6 3. b3 Bg7 4. Bb2 O-O (4... d5 5. c4 c6 6. Bg2 O-O 7. O-O {
-A11}) 5. Bg2 d6 6. d4 (6. O-O c5 7. c4 e5 $5 $10 {[%csl Gc5,Gd6,Ge5] [+]})
6... Nbd7 (6... c6 7. O-O Qa5 8. Qd2 Qh5 9. Qg5 Qxg5 10. Nxg5 a5 11. c4 a4 12.
b4 h6 13. Nf3 Be6 14. Nbd2 a3 15. Bc3 Nbd7 16. e4 Nb6 17. d5 cxd5 18. exd5 Bf5
19. Bd4 Na4 20. Rfe1 Rfe8 $15 {[%csl Rb4,Rc4][%cal Gf5b1] ><b4,c4,/^b1-h7,
Volkmann,F-Stanec,N/AUT-chT 9495/1995/}) 7. O-O e5 (7... c6 8. Nbd2 Qc7 9. e4
e5 10. dxe5 dxe5 11. Nc4 $14 {[%cal Yd1d6,Gb2e5] |^/^a1-h8,/\Qd6}) 8. dxe5 Ng4
(8... dxe5 $2 9. Nxe5 Ng4 10. Nd3 Bxb2 11. Nxb2 Qf6 12. Qc1 $16) 9. Qc1 (9.
Nbd2 dxe5 10. h3 Nh6 11. Nc4 f6 {[%cal Yh6f7] /\Nf7=}) (9. Nc3 Ngxe5 (9...
Ndxe5 10. Nd4 f5 11. h3 Nf6 12. Nd5 Nxd5 13. Bxd5+ Kh8 14. e3 Nf7 15. Bc3 Ng5
16. f4 Qe7 17. Re1 Ne4 18. Bxe4 Qxe4 19. Nb5 Qe7 20. Bxg7+ Qxg7 21. Qd4 Rf7 22.
c4 a6 23. Nc3 Be6 24. Qxg7+ Kxg7 25. e4 Rd8 26. Rad1 $14 {Nikolac,J-Wolf,V/BL
8687/1987/}) 10. Qd2 Nxf3+ 11. exf3 b5 12. a3 Bb7 13. Rab1 a6 14. Nd5 Bxb2 15.
Rxb2 Bxd5 16. Qxd5 Qf6 17. Rbb1 Qc3 18. Rfd1 Rae8 19. Qd2 Qc5 20. f4 $10 {
1/2-1/2,Adamski,J-From,S/Kobenhavn op/1990/}) (9. Qd2 $5 dxe5 (9... Ngxe5 10.
c4 Nxf3+ 11. Bxf3 Bxb2 12. Qxb2 Ne5 13. Bg2 Qe7 14. Nc3 c6 15. Rad1 f5 16. Rd4
Be6 17. Rfd1 Nf7 18. Qd2 Qf6 19. e4 Rae8 20. h3 Bc8 21. exf5 gxf5 22. Ne2 Re5
23. Nf4 $14 {[%csl Rd6,Rf5,Rf7,Rf8,Rg7,Rg8,Rh7,Rh8] ><d6,f5,h7,>>,Ribli,Z-Graf,
J/BL 8990/1990/}) 10. h3 Nh6 11. e4 f6 12. a4 Nf7 13. Rd1 c6 14. Na3 Qc7 15.
Nc4 Nb6 16. Ne3 Be6 17. h4 Nc8 18. h5 Ncd6 19. hxg6 hxg6 20. Nh4 Rfd8 21. Qe2
Kh7 22. f4 exf4 23. gxf4 f5 24. Bxg7 Kxg7 25. e5 $36 {Dizdarevic,E-Gallagher,J/
Mendrisio op/1989/}) 9... Ngxe5 (9... dxe5 10. h3 Nh6 11. Na3 (11. e4 Re8 12.
Rd1 c6 13. Na3 f6 14. Nc4 Nf7 15. Qe3 Bf8 16. a4 Qc7 17. a5 Nd6 18. Nxd6 Bxd6
19. Nd2 Bc5 20. Qd3 Kg7 21. Nc4 Nf8 22. Nd6 Rd8 23. Nb5 Qd7 24. Qxd7+ Rxd7 $10
{Taimanov,M-Apicella,M/Wildbad/1990/}) 11... Nf5 12. Rd1 Re8 13. e3 Nd6 14. c4
e4 15. Ne1 Bxb2 16. Qxb2 Qe7 17. Rd2 h5 18. Rc1 Nf5 19. Nb5 Qc5 20. Rcd1 a6 21.
Nc3 Nf6 22. Rd8 Be6 23. Rxa8 Rxa8 24. Qc2 $16 {[%csl Re4] ><e4,Stangl,
M-Gallagher,J/Kecskemet/1990/}) 10. Nxe5 (10. c4 Nxf3+ 11. Bxf3 Ne5 12. Bg2 Bg4
13. Nc3 Qc8 14. Nd5 Re8 15. f4 Nd7 16. Bxg7 Kxg7 17. e4 Be6 18. Ne3 f6 19. f5
Bf7 20. fxg6 hxg6 21. Ng4 Rh8 22. Qc3 Qd8 23. e5 $1 $36 {Taimanov,M-Von Bahr,O/
Stockholm Rilton Cup/1995/}) 10... Nxe5 (10... dxe5 11. Rd1 $14 {[%cal Gg2b7,
Gb2g7,Gd1d7] /^a1-h8,h1-a8,<->d}) 11. f4 $5 $146 (11. c4 c6 12. Nc3 $14 {
[%csl Yc4,Yd4,Ye4,Rd6] [+](),><d6}) 11... Ng4 12. Bxg7 Kxg7 13. h3 Nf6 14. e4
$14 Re8 15. Nc3 (15. Re1 Bd7 16. c4 Bc6 17. Nc3 $14) 15... Bd7 16. Qd2 Bc6 17.
Rae1 Kg8 (17... Qd7 $6 18. Qd4 $36 {[%cal Rg3g5] /\g4-g5}) 18. Kh2 a5 19. a3
Nd7 (19... Re7 $5 $132 {[%cal Rd8f8,Rf8g7,Ra8e8] /\Qf8-g7,Rae8}) 20. Re3 Nc5
21. b4 axb4 22. axb4 Na4 23. Nd1 $1 {White has a space advantage, so he avoids
exchanges} Nb6 24. Qd4 Qb8 $6 {Loses time, Black needs his Q on the Kside.} (
24... Qe7 $142 $14) 25. Nf2 h5 26. f5 $6 (26. g4 $1 $40 {[%csl Rf6,Rf8,Rg7,Rh6,
Rh8] gives White a strong attack, the black squares on the Kside are very weak.
}) 26... Qd8 (26... Nd7 $2 27. fxg6 fxg6 28. b5 $1 Bxb5 29. Qd5+ $18) 27. Nd3
Qe7 28. fxg6 (28. Rf2 $142 $5 {[%cal Yc2c4] /\c4()}) (28. c4 Ra2 $132) 28...
fxg6 29. Rf6 (29. e5 Bxg2 30. Kxg2 Qg7 $10) 29... Kh7 30. Nf4 {[%csl Rf6] צf6}
Qg7 $1 31. c3 $2 (31. Nxg6 Nd7 $17) (31. Rd3 $8 {[%cal Rf6g6] /\Rg6} Rf8 (31...
Bxe4 32. Bxe4 Rxe4 33. Qxe4 Qxf6 34. Qxb7 $36) 32. Rxf8 (32. Rxg6 $2 Qxd4 33.
Rxd4 Rxf4 $19) 32... Qxd4 33. Rxd4 Rxf8 34. c4 h4 $132 {=}) 31... Nc4 $1 32.
Qxc4 (32. Re2 Ne5 33. Re6 h4 $1 34. Rxe8 (34. gxh4 $2 Qf7 35. Rxe8 Qxf4+ $19)
34... hxg3+ 35. Kxg3 Rxe8 $17 {[%csl Re4,Rg2,Rg3] ץg2,Kg3,Pe4 Smyslov rather
gives an exchange, than suffer in such an unpleasant position.}) 32... Qxf6 33.
b5 Bd7 34. Nd5 Qg7 35. Qxc7 (35. Nxc7 Rec8 $17) 35... Rf8 36. Qxd6 Bxb5 37. e5
Rf2 $1 $40 38. Nf6+ Kh8 39. Kg1 Rb2 (39... Raa2 $4 40. Qd8+ $18) 40. Re1 Bc6
41. Bf1 $8 (41. Bxc6 bxc6 42. Qxc6 Qa7+ $19 {[%cal Ra7f2] /\Qf2-+}) 41... Qf7
42. c4 (42. Qd4 Kg7 {[%cal Ra8a2] /\Raa2->}) 42... Raa2 43. Qd4 Rh2 $19 {
[%cal Rh2h1] /\Rh1#} 44. Re4 (44. Nd5 Rh1+ $1 45. Kxh1 Qf3+ 46. Kg1 Qxg3+ $19)
(44. Ne4 Bxe4 $1 45. Rxe4 (45. e6+ Kh7 46. exf7 Rh1#) 45... Rh1+ 46. Kxh1 Qxf1+
47. Qg1 Qxh3+ $19) 44... Bxe4 45. Qxe4 Rhf2 46. Qd4 Kg7 47. Qe4 b5 $1 48. c5 (
48. cxb5 Qa7 $40) 48... Rxf6 49. exf6+ Qxf6 50. Be2 b4 51. c6 b3 (51... b3 52.
c7 Qb6+ 53. Kg2 Qxc7 $19) 0-1

[Event "ESP-ch Gp B"]
[Site "Cala Mendia"]
[Date "2001.11.19"]
[Round "3"]
[White "Garcia Ilundain, David"]
[Black "Comas Fabrego, Luis"]
[Result "0-1"]
[WhiteElo "2467"]
[BlackElo "2510"]
[Annotator "Wells,P"]
[PlyCount "196"]
[EventDate "2001.11.17"]
[EventType "tourn"]
[EventRounds "5"]
[EventCountry "ESP"]
[EventCategory "10"]
[SourceTitle "CBM 086"]
[Source "ChessBase"]
[SourceDate "2002.02.05"]
[SourceVersion "1"]
[SourceVersionDate "2002.02.05"]
[SourceQuality "1"]

1. d4 Nf6 2. Nf3 g6 3. g3 Bg7 4. Bg2 O-O 5. O-O d6 6. c3 Bf5 7. Re1 c6 8. Nh4
Be4 9. Bh3 $5 {Avoiding an exchange with a view to embarrassing the enemy
bishop on e4. This seems to me to presage a serious tussle with space and
squares for the minor pieces a priority.} ({On} 9. f3 {black's idea must be to
exchange on b1, and then try to show that the knight on h4 is a bit stuck out
on a limb. Probably after} Bxb1 {black intended} 10. Rxb1 d5 $5 $13 {[%csl Rh4]
with reasonable play.}) 9... c5 {[%cal Ge4c6]} 10. dxc5 dxc5 11. Qxd8 Rxd8 12.
Nd2 Bc6 13. e4 Nfd7 ({I guess black didn't like} 13... Nbd7 14. e5 Nd5 15. e6 {
As played, black is looking to hev knights on d7 and c6,both eyeing e5 and d3
in turn.}) 14. Nc4 Bb5 15. Bf1 Nc6 16. f4 {Typical space-gaining. White takes
squares from the black knights and tries to take a grip on the centre.} Bxc4
17. Bxc4 e6 18. Be3 a6 19. Rad1 Bf8 20. Bf1 Nf6 21. e5 {Fine in principle, as
possessor of the only light-squared bishop white would like to assert
authority on these squares. However, later in the game black is able to
arganise play with ...g5 without which he would really suffer in terms of
space, but with which he can hold the balance.} Nd5 22. Bf2 Nb6 23. b3 Nd5 24.
Rc1 Rac8 25. Nf3 Be7 26. Red1 h6 27. h4 g5 {Otherwise there would be little to
pit against white's fairly consistently implemented strategy of building space
by taking squares from black's knights.} 28. hxg5 hxg5 29. c4 {[%csl Re5][%cal
Gd5b6,Gb6d7,Yf4g5]} (29. fxg5 $5) 29... Nb6 30. fxg5 Nd7 31. Bg2 b6 32. g6 $6 {
False activity. After this it is rather the black pieces which come into their
own.} Ndxe5 33. gxf7+ Kxf7 34. Nxe5+ Nxe5 35. Be3 Ng4 36. Rf1+ Kg7 37. Rce1 Bf6
$132 {[%csl Rg1]} 38. Rxf6 Kxf6 39. Rf1+ Kg7 40. Bc1 Rf8 41. Re1 Rce8 42. Bh3
Nf2 43. Bf1 e5 44. Bb2 Ng4 45. Be2 Nf6 46. Bf3 Kg6 47. Rxe5 Rxe5 48. Bxe5 Rf7
49. Bf4 Re7 50. Kf2 Kf5 51. Be3 Ne4+ 52. Ke2 Nxg3+ 53. Kd3 Ne4 54. b4 Rd7+ 55.
Kc2 cxb4 56. Bxe4+ Kxe4 57. Bxb6 Rd3 58. Ba5 Kd4 59. Bxb4 Kxc4 60. Bd2 Rg3 61.
Bf4 Rg2+ 62. Kb1 a5 63. Be5 a4 64. Bf6 Rf2 65. Be5 Kd3 66. a3 Kc4 67. Bd6 Kb3
68. Kc1 Rf6 69. Bb4 Rc6+ 70. Kb1 Rc2 71. Be7 Rb2+ 72. Kc1 Ka2 73. Bf8 Rb8 74.
Be7 Rc8+ 75. Kd2 Kb2 76. Bb4 Rd8+ 77. Ke2 Kb3 78. Bc5 Rd5 79. Bb4 Kc2 80. Bd6
Kc3 81. Bb4+ Kc2 82. Ke3 Rd8 83. Ke4 Kb3 84. Bc5 Rb8 85. Bd6 Rb5 86. Ke3 Kc3
87. Ke4 Rb3 88. Be5+ Kc2 89. Bd6 Kb2 90. Kd4 Kc2 91. Kc4 Rb7 92. Bf8 Kb2 93.
Bb4 Ka2 94. Bd6 Rb6 95. Bc5 Rb7 96. Ba7 Rxa7 97. Kb5 Ra8 98. Kb4 Ra7 0-1